University Home | Library Home | Institutional Repository

Picture book of the West Country. (Record no. 158449)

MARC details
000 -LEADER
fixed length control field 00690cam2a220022900 4500
001 - CONTROL NUMBER
control field qce00336345
005 - DATE AND TIME OF LATEST TRANSACTION
control field 20190826090021.0
008 - FIXED-LENGTH DATA ELEMENTS--GENERAL INFORMATION
fixed length control field 790809s1952 enka 000 0 eng
010 ## - LIBRARY OF CONGRESS CONTROL NUMBER
LC control number 52040698
035 ## - SYSTEM CONTROL NUMBER
System control number (Sirsi) r103019
035 ## - SYSTEM CONTROL NUMBER
System control number (QCAT)lss02432034
035 ## - SYSTEM CONTROL NUMBER
System control number (UPRA)qce00336345
040 ## - CATALOGING SOURCE
Modifying agency UPRA
050 ## - LIBRARY OF CONGRESS CALL NUMBER
Classification number DA 631 Cou 1952
Item number .C685
082 ## - DEWEY DECIMAL CLASSIFICATION NUMBER
Classification number 914.2
110 2# - MAIN ENTRY--CORPORATE NAME
Corporate name or jurisdiction name as entry element Country Life Limited.
Linkage A60564.1
245 10 - TITLE STATEMENT
Title Picture book of the West Country.
260 ## - PUBLICATION, DISTRIBUTION, ETC.
Place of publication, distribution, etc. London,
Date of publication, distribution, etc. [1952]
651 #0 - SUBJECT ADDED ENTRY--GEOGRAPHIC NAME
Geographic name England -- Pictorial works.
General subdivision England -- Pictorial works.
Linkage S46763.1
949 ## - LOCAL PROCESSING INFORMATION (OCLC)
a DA 631 Cou 1952
w lcc
c 1
i 33729000066618
m MAIN
p 2500
t BOOK
l ON-SHELF

No items available.

© 2026 - The University of Zambia Library - Koha v25.11